<?xml version="1.0" encoding="UTF-8"?>
<collection xmlns="http://www.loc.gov/MARC21/slim">
 <record>
  <leader>01014nam a22001937a 4500</leader>
  <controlfield tag="001">NCT_77631</controlfield>
  <controlfield tag="008">200328b        xxu||||| |||| 00| 0 vie d</controlfield>
  <datafield tag="999" ind1=" " ind2=" ">
   <subfield code="c">3781</subfield>
   <subfield code="d">3781</subfield>
  </datafield>
  <datafield tag="020" ind1=" " ind2=" ">
   <subfield code="a">9786048873042</subfield>
   <subfield code="c">72000</subfield>
  </datafield>
  <datafield tag="082" ind1="0" ind2="4">
   <subfield code="2">23rd ed.</subfield>
   <subfield code="a">370</subfield>
   <subfield code="b">Tr527k</subfield>
  </datafield>
  <datafield tag="245" ind1="0" ind2="0">
   <subfield code="a">Truyện kể Bác Hồ với ngành giáo dục</subfield>
   <subfield code="c">Phan Thị Ánh Tuyết ( sưu tầm, tuyển chọn)</subfield>
  </datafield>
  <datafield tag="260" ind1=" " ind2=" ">
   <subfield code="a">H.</subfield>
   <subfield code="b">Dân trí</subfield>
   <subfield code="c">2019</subfield>
  </datafield>
  <datafield tag="300" ind1=" " ind2=" ">
   <subfield code="a">211 tr</subfield>
   <subfield code="c">21cm</subfield>
  </datafield>
  <datafield tag="520" ind1="3" ind2=" ">
   <subfield code="a">Nội dung về một số bài nói, bài viết và thư của Bác Hồ về Ngành Giáo dục và những chuyện kể về Bác Hồ với sự nghiệp giáo dục.  </subfield>
  </datafield>
  <datafield tag="653" ind1=" " ind2=" ">
   <subfield code="a">Kinh tế chính trị</subfield>
  </datafield>
  <datafield tag="700" ind1="1" ind2=" ">
   <subfield code="a">Phan Thị Ánh Tuyết </subfield>
   <subfield code="e">sưu tầm, tuyển chọn</subfield>
  </datafield>
  <datafield tag="942" ind1=" " ind2=" ">
   <subfield code="2">ddc</subfield>
   <subfield code="c">BK</subfield>
  </datafield>
  <datafield tag="952" ind1=" " ind2=" ">
   <subfield code="0">0</subfield>
   <subfield code="1">0</subfield>
   <subfield code="2">ddc</subfield>
   <subfield code="4">0</subfield>
   <subfield code="6">370_000000000000000_TR527K</subfield>
   <subfield code="7">0</subfield>
   <subfield code="9">19325</subfield>
   <subfield code="a">000001</subfield>
   <subfield code="b">000001</subfield>
   <subfield code="d">2020-03-28</subfield>
   <subfield code="o">370 Tr527k</subfield>
   <subfield code="p">MD.16894</subfield>
   <subfield code="r">2020-03-28</subfield>
   <subfield code="v">72000.00</subfield>
   <subfield code="w">2020-03-28</subfield>
   <subfield code="y">BK</subfield>
  </datafield>
  <datafield tag="980" ind1=" " ind2=" ">
   <subfield code="a">Thư viện Trường Đại học Nam Cần Thơ</subfield>
  </datafield>
 </record>
</collection>
